000 00703cam a22002178i 4500
999 _c57854
_d57854
001 20129083
005 20221108143918.0
008 171106s2018 enk b 001 0 eng
020 _a9781138657038x
041 _aeng
080 _a658.4 F-19
100 1 _aFalkheimer, Jesper
_910526
245 1 0 _aStrategic communication :
_ban introduction /
_cJesper Falkheimer and Mats Heide.
264 1 _aNew York, NY :
_bRoutledge,
_c2018.
300 _a159 p.;
_b24 cm.
504 _abibliogr. p. 141-156
653 _aსტრატეგიული კომუნიკაცია
653 _aმენეჯმენტი
700 1 _aHeide, Mats
_eავტორი
_910529
942 _2udc
_cBK